000 00392nam a2200145Ia 4500
005 20250408024712.0
008 240331s9999 xx 000 0 und d
082 _a010
_bJAM
100 _aJameel, S.H.M
245 0 _aSuvadi arruppadai-3
260 _aKalmunai
_bIslamic Book Publishing Centre
_c1997
300 _a224 p .,
500 _aBibliography of books by Sri Lankan Muslims
942 _cL
999 _c1303
_d1303